Giáo trình hình học hoạ hình /

Cách thành lập các hình chiếu. Điểm và đường thẳng. Mặt phẳng. Vị trí tương đối của hai mặt phẳng, của đường thẳng và mặt phẳng. Các phép thay mặt phẳng hình chiếu và phép quay. Biểu diễn các đa diện. Đường cong. Mặt cong. Giao của mặt cong với mặt phẳng và đường thẳng. Giao của các mặt trong dó ít...

وصف كامل

محفوظ في:
التفاصيل البيبلوغرافية
المؤلف الرئيسي: Goocđôn, V. O.
مؤلفون آخرون: Xêmenxôp-Oghiepxki, M. A., Nguyễn Đình Điện (dịch.), Hoàng Văn Thân (dịch.)
التنسيق: كتاب
اللغة:Vietnamese
Russian
منشور في: Hà Nội ; Maxcơva : Đại học và Trung học chuyên nghiệp ; Mir, 1988.
الموضوعات:
الوسوم: إضافة وسم
لا توجد وسوم, كن أول من يضع وسما على هذه التسجيلة!
Thư viện lưu trữ: Mạng thư viện Đại học Đà Nẵng
LEADER 01823cam a2200385 a 4500
001 000043692
003 1735
005 20060421085537.0
008 010217b1988 vm 000 vie
040 |a LRC  |c LRC  |d LRC 
041 0 |a vie  |h rus 
082 1 4 |a 516.6  |2 21  |b GO-V 
100 1 |a Goocđôn, V. O. 
245 1 0 |a Giáo trình hình học hoạ hình /  |c V. O. Goocđôn, M. A. Xêmenxôp-Oghiepxki ; Nguyễn Đình Điện, Hoàng Văn Thân dịch. 
260 |a Hà Nội ; Maxcơva :  |b Đại học và Trung học chuyên nghiệp ; Mir,  |c 1988. 
300 |a 355 p. ;  |c 21,5 cm. 
520 3 |a Cách thành lập các hình chiếu. Điểm và đường thẳng. Mặt phẳng. Vị trí tương đối của hai mặt phẳng, của đường thẳng và mặt phẳng. Các phép thay mặt phẳng hình chiếu và phép quay. Biểu diễn các đa diện. Đường cong. Mặt cong. Giao của mặt cong với mặt phẳng và đường thẳng. Giao của các mặt trong dó ít nhất một mặt là mặt cong. Khai triển các mặt cong. Hình chiếu trục đo. 
630 0 4 |a Toán hình. 
630 0 4 |a Hình học. 
650 0 4 |a Hình học hoạ hình. 
700 1 |a Xêmenxôp-Oghiepxki,  |c M. A. 
700 1 |a Nguyễn Đình Điện,  |e dịch. 
700 1 |a Hoàng Văn Thân,  |e dịch. 
OWN |a DUT 
AVA |a UDN50  |b DUT  |c Book  |d 516.6 GO-V  |e available  |t Error 5001 Not defined in file expand_doc_bib_avail.  |f 2  |g 0  |h N  |i 0  |j SH  |k 1 
999 |a From the UDN01 
AVA |a UDN50  |b DUT  |c Book  |d 516.6 GO-V  |e available  |t Error 5001 Not defined in file expand_doc_bib_avail.  |f 2  |g 0  |h N  |i 0  |j SH  |k 1 
TYP |a Monograph 
TYP |a Printed language 
980 |a Mạng thư viện Đại học Đà Nẵng